000
00276nam a22001217a 4500
008
170406b xxu||||| |||| 00| 0 eng d
041
_a
eng
080
_2
3 ED
_a
616.34
100
_a
9
101
_a
SHM
245
_a
LABORATORY MEDICINE HEMATOLOGY
_c
MIALE.J.B
942
_2
udc
_c
BK
999
_c
9908
_d
9908